000 00609nam a2200253 a 4500
001 nice12345678
003 IN_TiNIC
005 20260116011422.0
008 050524s1964 enga grp 000 0 eng
020 _a
_c100
082 0 0 _a892.73
_bKRI
100 _aKritzeck, James
245 _aAnthology of Islamic Literature
260 _aEngland
_bPenguin Book
_c1964
300 _a395p
500 _aincludes index and biblioraphy
505 2 _aIll.
650 _aIslamic-Literature
650 _aArabic-Literature
700 1 _aKritzeck, James
902 _bSRS
942 _cBK
999 _c1365
_d1365